000 01331nam0a22003251 4500
001 RU\INFOCOMM_327\NLR\5000016492
005 20250613104317.0
035 _a(NLR Aleph) 009491568
090 _a8652154
_c8652154
100 _a20121217d1988 |||y0rusy50 ca
101 1 _aeng
_crus
102 _aRU
105 _ay z |||||
200 1 _aBasic chemical engineering with practical applications
_fA. M. Kutepov, T. I. Bondareva, M. G. Berengarten
_g[Transl. from the Russ. by Boris V. Kuznetsov]
205 _aRev. from the 1985 Russ. ed.
210 _aM.
_cMir
_d1988
215 _a464 с.
_cил.
_d22 см
300 _aВ вып. дан.: Общая химическая технология: Учеб. изд. / Алексей Митрофанович Кутепов, Татьяна Ивановна Бондарева, Михаил Георгиевич Беренгартен
300 _aНа пер. авт. не указаны
320 _aБиблиогр.: с. 457-458
620 _aМосква
686 _aЛ20
_2rubbk
700 1 _aKutepov
_bA. M.
_gAleksej Mitrofanovič
701 1 _aBondareva
_bT. I.
_gTat'jana Ivanovna
701 1 _aBerengarten
_bM. G.
_gMichail Georgievič
801 1 _aRU
_bInfocomm
_c20121217
801 0 _aRU
_bINFOCOMM
_gPSBO
852 _aNLR
_jТ45 Д-5/275
942 _cBOOK
980 _aNB